[Event "FRA-chT4 0506"]
[Site "France"]
[Date "2005.11.20"]
[Round "2"]
[White "Jean, Robert"]
[Black "Thill, Alain"]
[Result "1-0"]
[WhiteElo "1958"]
[BlackElo "1940"]
[PlyCount "73"]
[EventDate "2005.10.02"]
[EventType "team"]
[EventRounds "9"]
[EventCountry "FRA"]
[SourceTitle "EXT 2007"]
[Source "ChessBase"]
[SourceDate "2006.11.23"]
[SourceVersion "1"]
[SourceVersionDate "2006.11.23"]
[SourceQuality "1"]

1. c4 c5 2. Nf3 Nf6 3. d4 cxd4 4. Nxd4 Nc6 5. Nc3 g6 6. e4 Bg7 7. Be3 d6 8. Be2 0-0 9. 0-0 Bd7 10. Rc1 Rc8 11. b3 Nxd4 12. Bxd4 Bc6 13. f3 a6 14. a4 Qa5 15. Nd5 Nxd5 16. exd5 Bxd4+ 17. Qxd4 Bd7 18. Rfe1 Qc5 19. Rcd1 Bf5 20. Qxc5 dxc5 21. Bd3 Bxd3 22. Rxd3 Rfe8 23. Rde3 Kf8 24. g4 Rcd8 25. h4 b5 26. axb5 axb5 27. g5 bxc4 28. bxc4 e6 29. dxe6 Re7 30. exf7 Rxf7 31. Kg2 Rf4 32. Re4 Rd4 33. Kg3 Rfxe4 34. Rxe4 Rd7 35. Re5 Rc7 36. f4 Kf7 37. Kf3 1-0

[Event "FRA-ch op-B"]
[Site "Chartres"]
[Date "2005.08.17"]
[Round "2"]
[White "Pokee, Anne Josephe"]
[Black "Thill, Alain"]
[Result "1-0"]
[WhiteElo "1990"]
[BlackElo "1880"]
[PlyCount "77"]
[EventDate "2005.08.15"]
[EventType "swiss"]
[EventRounds "11"]
[EventCountry "FRA"]
[SourceTitle "EXT 2006"]
[Source "ChessBase"]
[SourceDate "2005.11.24"]
[SourceVersion "1"]
[SourceVersionDate "2005.11.24"]
[SourceQuality "1"]

1. e4 e5 2. Nf3 Nc6 3. d4 exd4 4. Bc4 Bc5 5. Ng5 Nh6 6. Nxf7 Nxf7 7. Bxf7+ Kxf7 8. Qh5+ Kf8 9. Qxc5+ d6 10. Qh5 Qf6 11. 0-0 Be6 12. f4 Bf7 13. Qf3 Re8 14. Bd2 Qe6 15. Re1 Ke7 16. Na3 Kd7 17. b4 a6 18. b5 axb5 19. Nxb5 Qc4 20. Qg4+ Qe6 21. f5 Qf6 22. Bf4 Ne5 23. Qg3 Nc6 24. a4 g6 25. fxg6 Qxg6 26. Rad1 Rxe4 27. Rxe4 Qxe4 28. Bxd6 Rg8 29. Qf2 Bd5 30. Bg3 h5 31. Nxd4 h4 32. Ne2 hxg3 33. Nxg3 Qc4 34. Qf5+ Kd6 35. Rxd5+ Ke7 36. Qd7+ Kf6 37. Nh5+ Kg6 38. Qf5+ Kh6 39. Qf6+ 1-0